Όψις ενυπνίου : η χρήση των ονείρων στην ελληνική και ρωμαϊκή αρχαιότητα

Αποθηκεύτηκε σε:
Λεπτομέρειες βιβλιογραφικής εγγραφής
Κύριος συγγραφέας: Μαρωνίτης, Δημήτρης Ν., 1929-2016
Άλλοι συγγραφείς: Κυρτάτας, Δημήτρης Ι., 1952- (Επιμελητής έκδοσης)
Μορφή: Βιβλίο
Γλώσσα:Greek
Δημοσίευση: Ηράκλειο : Πανεπιστημιακές Εκδόσεις Κρήτης, 1993
Θέματα:
Ετικέτες: Προσθήκη ετικέτας
Δεν υπάρχουν, Καταχωρήστε ετικέτα πρώτοι!

MARC

LEADER 00000nam a2200000 i 4500
001 1/2633
008 000511s1993 gre d
020 |a 960-7309-45-6 
035 |l 10060508 
040 |a GR-MY-UA  |b gre  |e aacr 
041 0 |a gre 
082 0 |a 809.93353 
100 1 |a Μαρωνίτης, Δημήτρης Ν.,   |d 1929-2016. 
245 1 0 |a Όψις ενυπνίου :  |b η χρήση των ονείρων στην ελληνική και ρωμαϊκή αρχαιότητα /  |c Δ. Ν. Μαρωνίτης...[και ά.] ; επιμέλεια έκδοσης Δημήτρης Ι. Κυρτάτας 
260 |a Ηράκλειο :   |b Πανεπιστημιακές Εκδόσεις Κρήτης,   |c 1993 
300 |a xv, 327 σ. 
504 |a Περιέχει βιβλιογραφία 
650 0 0 |a Classical literature  |x History and criticism. 
650 0 0 |a Classical literature  |x Psychological aspects. 
650 0 0 |a Dreams in literature. 
700 1 |a Κυρτάτας, Δημήτρης Ι.,   |d 1952-  |4 edt 
852 |a INST  |b LESVOS  |e 20000511  |h 809.93353 ΜΑΡ  |p 005100020161  |q 005100020161  |t BK  |y 0 
901 |a BIBL1-2000-2 
909 |a Λ  |b 077607 
922 |a 1ΕΛΗ  |b 200003  |c ΤΑΚ/ΤΚΑ  |d ΠΑΠΑΣΩΤΗΡΙΟΥ 
950 |a 117-1999-11-26 
970 |z 2000/05/12